000 00429cam a2200181ua 4500
020 _c1.50
041 _amal
_h
082 _a894.812 308
_bVAR/DU
100 _aVarmaji, R S .
245 _aDukkapushpangal /
_cR S Varmaji.
_hTextual Documents
250 _a1 /
_b.
260 _aKottayam :
_bNational Book Stall ,
_c1967.
300 _a110 ; .
365 _a1.50
504 _a
942 _cBK
999 _c3925
_d3925